00942 2200205 4500001002100000005001500021035002000036007000300056008004100059100002200100245008000122260004300202300003000245520033600275020002200611082001000633084001600643650005900659990001800718INLIS00000000000568920231025030640 a0010-1023000612ta231025 0 ind 0 aLilla Pastia Ilmi1 aAsuhan Kebidanan Pada Ibu Bersalin Dan Bayi Baru Lahir /cLilla Pastia Ilmi aYogyakarta :bgosyen publishing,c2022 axii,183 :bIlus. ;c23 cm aDi Indonesia angka kematian Ibu dan bayi yang disebabkan oleh komplikasi obstetri masih tergolong tinggi. Hal ini disebabkan pelayanan serta keterampilan dan pengetahuan oleh tenaga kesehatan yang masih belum memadai. Deteksi dini dan pencegahan dapat menjadi tolak ukur bagi Indonesia dalam menurunkan angka kematian Ibu dan bayi, a978-623-6913-18-5 a618.9 a618.9 LIL a aAsuhan Kebidanan Pada Ibu Bersalin Dan Bayi Baru Lahir a0069200200692